Statistiques concernant Modèles Sneakers

Cliquez ici pour prendre le quiz!

Statistiques générales

  • Ce quiz a été pris 197 fois
  • Le résultat moyen est 14 sur 22

Statistiques - réponses

Réponse% Correct
Dunk
100%
Jordan 4
98%
Jordan 1
96%
Air force 1
93%
Campus
85%
Air max 95
84%
TN
74%
Air max 1
69%
Jordan 5
69%
Yeezy 350
69%
Jordan 2
65%
Jordan 6
64%
Jordan 3
63%
Air max 90
62%
Yeezy 700
60%
Samba
58%
Jordan 11
56%
Air max 97
39%
2002r
34%
Yeezy 500
22%
990
3%
9060
2%

Distribution des résultats

Percentile par nombre de réponses

% des personnes avec chaque résultat

Votre développement - résultats

Vous n’avez pas pris ce quiz